000 00195nam a2200085Ia 4500
008 120527s9999 xx 000 0 und d
100 _aFranken, E. Robert
245 _aHuman Motivation
942 _cBK
999 _c27650
_d27650